000 00555nam a22001817a 4500
003 OSt
005 20260110015331.0
008 260110b |||||||| |||| 00| 0 eng d
020 _a 971-554-068-6
040 _aDWCL-Admin lib
_cOC
082 _aFil. 658.4 S714b 1989
100 _aSoriano, Emanuel V.
245 _a Business policy in an Asian context :
_btext and cases /
_cEmanuel V. Soriano
260 _aPhilippines :
_bSinag-tala,
_cc1989.
300 _a 594 p. ;
_c22 cm.
700 _aNehrt, Lee C.
942 _2ddc
_cBK - FIL
_e3rd ed.
_hFil.
_n0
999 _c7245
_d7245